<?xml version="1.0" encoding="UTF-8"?>
<collection xmlns="http://www.loc.gov/MARC21/slim">
 <record>
  <leader>03765nam a2200565 a 4500</leader>
  <controlfield tag="001">TVCDKTCT12899</controlfield>
  <controlfield tag="003">Thư viện trường Cao đẳng Kỹ thuật Cao Thắng</controlfield>
  <controlfield tag="005">20170605075406.2</controlfield>
  <controlfield tag="008">110422</controlfield>
  <datafield tag="980" ind1="\" ind2="\">
   <subfield code="a">Thư viện Trường CĐ Kỹ Thuật Cao Thắng</subfield>
  </datafield>
  <datafield tag="024" ind1=" " ind2=" ">
   <subfield code="a">RG_1 #1 eb1 i1</subfield>
  </datafield>
  <datafield tag="041" ind1="0" ind2="#">
   <subfield code="a">vie</subfield>
  </datafield>
  <datafield tag="082" ind1="#" ind2="#">
   <subfield code="a">621.8 / </subfield>
   <subfield code="b">G301O-h</subfield>
  </datafield>
  <datafield tag="100" ind1="1" ind2="#">
   <subfield code="a">Nguyễn Ngọc Thành</subfield>
  </datafield>
  <datafield tag="245" ind1="0" ind2="0">
   <subfield code="a">Giáo trình Cơ khí đại cương (Dùng trong đào tạo Cử nhân kỹ thuật) / </subfield>
   <subfield code="c">Nguyễn Ngọc Thành, Hoàng Tùng</subfield>
  </datafield>
  <datafield tag="250" ind1="#" ind2="#">
   <subfield code="a">In lần thứ 1</subfield>
  </datafield>
  <datafield tag="260" ind1="#" ind2="#">
   <subfield code="a">H. : </subfield>
   <subfield code="b">Giáo dục Việt Nam , </subfield>
   <subfield code="c">2010</subfield>
  </datafield>
  <datafield tag="300" ind1="#" ind2="#">
   <subfield code="a">243tr. ; </subfield>
   <subfield code="c">24cm</subfield>
  </datafield>
  <datafield tag="520" ind1="#" ind2="#">
   <subfield code="a">Chương 1: Các kiến thức cơ bản về sản xuất cơ khí</subfield>
  </datafield>
  <datafield tag="520" ind1="#" ind2="#">
   <subfield code="a">Chương 10: Công nghệ gia công trên máy bào - xọc</subfield>
  </datafield>
  <datafield tag="520" ind1="#" ind2="#">
   <subfield code="a">Chương 11: Công nghệ gia công trên máy khoan - doa</subfield>
  </datafield>
  <datafield tag="520" ind1="#" ind2="#">
   <subfield code="a">Chương 12: Công nghệ gia công trên máy phay</subfield>
  </datafield>
  <datafield tag="520" ind1="#" ind2="#">
   <subfield code="a">Chương 13: Công nghệ gia công trên máy mài</subfield>
  </datafield>
  <datafield tag="520" ind1="#" ind2="#">
   <subfield code="a">Chương 14: Các phương pháp gia công cắt gọt đặc biệt</subfield>
  </datafield>
  <datafield tag="520" ind1="#" ind2="#">
   <subfield code="a">Chương 15: Công nghệ gia công sửa chữa</subfield>
  </datafield>
  <datafield tag="520" ind1="#" ind2="#">
   <subfield code="a">Chương 16: Cơ khí hóa, tự động hóa trong sản xuất cơ khí</subfield>
  </datafield>
  <datafield tag="520" ind1="#" ind2="#">
   <subfield code="a">Chương 17: Bảo quản sản phẩm kim loại</subfield>
  </datafield>
  <datafield tag="520" ind1="#" ind2="#">
   <subfield code="a">Chương 2: Vật liệu kim loại và hợp kim</subfield>
  </datafield>
  <datafield tag="520" ind1="#" ind2="#">
   <subfield code="a">Chương 3: Xử lí nhiệt kim loại và sản phẩm kim loại</subfield>
  </datafield>
  <datafield tag="520" ind1="#" ind2="#">
   <subfield code="a">Chương 4: Công nghệ chế tạo Phôi đúc</subfield>
  </datafield>
  <datafield tag="520" ind1="#" ind2="#">
   <subfield code="a">Chương 5: Công nghệ gia công biến dạng tạo hình</subfield>
  </datafield>
  <datafield tag="520" ind1="#" ind2="#">
   <subfield code="a">Chương 6: Công nghệ hàn và cắt, dán kim loại</subfield>
  </datafield>
  <datafield tag="520" ind1="#" ind2="#">
   <subfield code="a">Chương 7: Nguyên lý gia công cắt gọt kim loại</subfield>
  </datafield>
  <datafield tag="520" ind1="#" ind2="#">
   <subfield code="a">Chương 8: Máy cắt gọt</subfield>
  </datafield>
  <datafield tag="520" ind1="#" ind2="#">
   <subfield code="a">Chương 9: Công nghệ gia công trên máy tiện</subfield>
  </datafield>
  <datafield tag="520" ind1="#" ind2="#">
   <subfield code="a">Giáo trình &quot; Cơ khí đại cương&quot; được biên soạn bởi PGS.TS.Hoàng Tùng và GVC.TS. Nguyễn Ngọc Thành.</subfield>
  </datafield>
  <datafield tag="520" ind1="#" ind2="#">
   <subfield code="a">Giáo trình bao gồm 4 phần và17 chương :</subfield>
  </datafield>
  <datafield tag="520" ind1="#" ind2="#">
   <subfield code="a">Giáo trình Cơ khí đại cương (Dùng trong đào tạo Cử nhân kỹ thuật) được biên soạn theo chương trình đào tạo đại học, cử nhân kỹ thuật của Bộ Giáo dục và Đào tạo. Giúp cho sinh viên dễ dàng tiếp cận với các môn học kỹ thuật tiếp theo, trang bị cho sinh viên những thuật ngữ kỹ thuật, những khái niệm cơ bản liên quan đến môn học kế tiếp của hầu hết các ngành kỹ thuật.</subfield>
  </datafield>
  <datafield tag="520" ind1="#" ind2="#">
   <subfield code="a">Phần thứ ba: Các phương pháp chế tạo phôi</subfield>
  </datafield>
  <datafield tag="520" ind1="#" ind2="#">
   <subfield code="a">Phần thứ hai : Vật liệu dùng trong sản xuất công nghiệp</subfield>
  </datafield>
  <datafield tag="520" ind1="#" ind2="#">
   <subfield code="a">Phần thứ nhât: Khái niệm chung</subfield>
  </datafield>
  <datafield tag="520" ind1="#" ind2="#">
   <subfield code="a">Phần thứ tư: Gia công cắt gọt kim loại</subfield>
  </datafield>
  <datafield tag="520" ind1="#" ind2="#">
   <subfield code="a">Trong đó chương 1,2,3,15,16,17 do PGS.TS.Hoàng Tùng biên soạn và các chương 4,5,6,7,8,9,10,11,12,13,14 do GVC.TS.Nguyễn Ngọc Thành biên soạn.</subfield>
  </datafield>
  <datafield tag="650" ind1="#" ind2="4">
   <subfield code="a">Cơ khí</subfield>
  </datafield>
  <datafield tag="650" ind1="#" ind2="4">
   <subfield code="a">Cơ khí đại cương</subfield>
  </datafield>
  <datafield tag="650" ind1="#" ind2="4">
   <subfield code="a">Giáo trình</subfield>
  </datafield>
  <datafield tag="700" ind1="0" ind2="#">
   <subfield code="a">Hoàng Tùng</subfield>
  </datafield>
  <datafield tag="721" ind1="#" ind2="#">
   <subfield code="a">CNKT Cơ điện tử</subfield>
  </datafield>
  <datafield tag="721" ind1="#" ind2="#">
   <subfield code="a">CNKT Cơ khí</subfield>
  </datafield>
  <datafield tag="841" ind1="#" ind2="#">
   <subfield code="b">Kho Sách </subfield>
   <subfield code="j">100036312, 100036475, 100036501, 100036517, 100036521, 100036547, 100036556, 100042541, 100042571, 100042662, 100042672, 100042879</subfield>
  </datafield>
 </record>
</collection>
